The ARLA history of buy to let investment 2001 to 2008 (Record no. 108512)

MARC details
000 -LEADER
fixed length control field 02367cad a22002415a 4500
001 - CONTROL NUMBER
control field L144437
008 - FIXED-LENGTH DATA ELEMENTS--GENERAL INFORMATION
fixed length control field 080721e20080703xxkd f s 000 0 eng d
035 ## - SYSTEM CONTROL NUMBER
System control number (Sirsi) u144437
041 0# - LANGUAGE CODE
Language code of text/sound track or separate title eng
050 04 - LIBRARY OF CONGRESS CALL NUMBER
Classification number 346.4104342 $2 18
110 2# - MAIN ENTRY--CORPORATE NAME
Corporate name or jurisdiction name as entry element Association of Residential Letting Agents
9 (RLIN) 3020
245 04 - TITLE STATEMENT
Title The ARLA history of buy to let investment 2001 to 2008
Medium [electronic resource]
260 ## - PUBLICATION, DISTRIBUTION, ETC.
Place of publication, distribution, etc. Warwick
Name of publisher, distributor, etc. ARLA
Date of publication, distribution, etc. 2008
505 2# - FORMATTED CONTENTS NOTE
Formatted contents note Data from surveys of members: proportion of portfolio which is made up of investment property -- Number of purely investment properties managed -- Average value of BTL properties -- Average rental return -- Average void period per year -- Number of new tenancies (not renewals) signed up in the last three months -- Balance of supply and demand in rented residential property sector -- Average length of continuous stay in property -- Change in achievable rent levels -- How are landlords currently acting over their net investment in residential property
505 2# - FORMATTED CONTENTS NOTE
Formatted contents note Data from Surveys of Landlords: Average age of respondents -- Average length of time respondents have been residential landlords -- Average number of residential properties in portfolios -- In the next twelve months do you expect to sell some or all of your let residential properties -- Average number of years since respondents first became a landlord -- Average life expectancy of respondents property investment -- Why did you first decide to invest in residential property -- If house prices were to fall, would you sell your residential property investments -- Do you expect/anticipate that you will acquire further (buy to let) investment properties during the next twelve months? -- Irrespective of the length of any initial fixed term, on average how long are the same tenants staying continuously in the same property
520 ## - SUMMARY, ETC.
Summary, etc. Detailed statistical report produced by the Association of Residential Letting Agents (ARLA) and buy to let mortgage lenders compiled from quarterly reports detailing a range of financial trends, along with opinion from those surveyed with regard to buy to let investment.
521 ## - TARGET AUDIENCE NOTE
Target audience note Advanced
590 ## - LOCAL NOTE (RLIN)
Local note KA
651 #4 - SUBJECT ADDED ENTRY--GEOGRAPHIC NAME
Geographic name United Kingdom
Chronological subdivision
690 ## - LOCAL SUBJECT ADDED ENTRY--TOPICAL TERM (OCLC, RLIN)
Topical term or geographic name as entry element Residential property
9 (RLIN) 6266
856 40 - ELECTRONIC LOCATION AND ACCESS
Uniform Resource Identifier <a href="https://www.arla.co.uk/btl/arlahistory2007.htm">https://www.arla.co.uk/btl/arlahistory2007.htm</a>
Public note View the item free of charge at www.arla.co.uk...
942 ## - ADDED ENTRY ELEMENTS (KOHA)
Suppress in OPAC 0
Holdings
Withdrawn status Lost status Source of classification or shelving scheme Damaged status Not for loan Home library Current library Shelving location Date acquired Total Checkouts Full call number Barcode Date last seen Copy number Price effective from Koha item type
    Dewey Decimal Classification     Virtual Virtual Online 21/07/2008   ONLINE PUBLICATION 144437-1001 06/08/2019 1 06/08/2019 Book